000 00389nam a2200181Ia 4500
005 20240823061242.0
008 240823s9999||||xx |||||||||||||| ||und||
041 _aTAMIL
082 _A398.2 Q9
100 _aAravanan Ka Pa
245 0 _aArignar Potrutum
250 _a1st
260 _c2019
_bTamilk
500 _aYES
650 _aTamil
_bGeneral
942 _cBK
999 _c233077
_d233077